Szczegóły MARC21

Dynamizm, rywalizacja i gospodarka nadmiaru : dwa eseje o naturze kapitalizmu /

003 -Nazwa inst., której nr kontr. jest w polu 001 [,]
    • @
    • Nazwa instytucji, której n kontrolny jest w polu 001
    • NUKAT
005 -DATA I CZAS OSTATNIEJ MODYFIKACJI [,]
    • @
    • pole kontrolne
    • 20241231090559.0
020 -Międzynarod. znormalizowany nr książki - ISBN [ , ]
    • a
    • Numer ISBN
    • 9788393831357 Find
040 -Instytucja sporządzająca opis [ , ]
    • a
    • Instytucja, która sporządziła opis (NP)
    • KR U/KN
    • c
    • Instytucja, która sporządziła rekord (NP)
    • KR U/KN
041 -Język dokumentu [1, ]
    • a
    • Język tekstu (P)
    • polski
    • h
    • Język tekstu oryginalnego i/lub pośredniego (P)
    • angielski
942 -Rodzaj dokumentu [ , ]
    • c
    • Rodzaj dokumentu
    • Książka
100 -Hasło główne - nazwa osobowa [1, ]
    • a
    • Nazwa osobowa (NP)
    • Kornai, János
    • d
    • Daty biograficzne (NP)
    • (1928-2021).
    • 9
    • KHW
    • 79450
245 -Strefa tytułu i oznaczenia odpowiedzialności [1,0]
    • a
    • Tytuł
    • Dynamizm, rywalizacja i gospodarka nadmiaru : Find
    • b
    • Ciąg dalszy tytułu (NP)
    • dwa eseje o naturze kapitalizmu / Find
    • c
    • Pozostałe elementy strefy tytułu i oznaczenia odpowiedzialności (NP)
    • János Kornai ; przełożył Rafał Śmietana.
246 -Wariant tytułu [1, ]
    • i
    • Tekst wyświetlany na ekranie monitora (NP)
    • Tyt. oryg.:
    • a
    • Tytuł (NP)
    • Dynamism, rivalry and the surplus economy : two essays of the nature of capitalism
260 -Strefa adresu wydawniczego [ , ]
    • a
    • Miejsce wydania (P)
    • Kraków :
    • b
    • Nazwa wydawcy (P)
    • Fundacja Gospodarki i Administracji Publicznej,
    • c
    • Data wydania (P)
    • 2014.
300 -Strefa opisu fizycznego [ , ]
    • a
    • Określenie formy książki i/lub objętość (NP)
    • 246 s. :
    • b
    • Oznaczenie ilustracji (NP)
    • il. ;
    • c
    • Format (NP)
    • 24 cm.
336 -Typ zawartości [ , ]
    • a
    • Termin opisujący typ zawartości
    • Tekst
    • b
    • Kod określający zawartość
    • txt
    • 2
    • Źródło (terminu i kodu)
    • rdacontent
337 -Typ mediów [ , ]
    • a
    • Tryb odtwarzania
    • Bez urządzenia pośredniczącego
    • b
    • Kod typu mediów
    • n
    • 2
    • Źródło (terminu i kodu)
    • rdamedia
338 -Typ/rodzaj nośnika [ , ]
    • a
    • Hasło opisujące typ nośnika
    • Wolumin
    • b
    • Kod typu nośnika
    • nc
    • 2
    • Źródło (terminu i kodu)
    • rdacarrier
504 -Uwaga dot. bibliogr. załącznikowej [ , ]
    • a
    • Uwaga dot. bibliografii załącznikowej
    • Bibliogr. s. 223-234. Indeks.
080 -Uniwersalna Klasyfikacja Dziesiętna [ , ]
    • 2
    • Identyfikator wydania tablic
    • UDC-P058
    • 9
    • UKD
    • 2963
    • a
    • Symbol klasyfikacji
    • 330.342.14
    • b
    • Dopowiedzenie
    • Gospodarka kapitalistyczna. Ekonomia polityczna kapitalizmu.
080 -Uniwersalna Klasyfikacja Dziesiętna [ , ]
    • 2
    • Identyfikator wydania tablic
    • UDC-P058
    • 9
    • UKD
    • 3219
    • a
    • Symbol klasyfikacji
    • 338.24.021.8
    • b
    • Dopowiedzenie
    • Reformy gospodarcze. Transformacja gospodarki. Restrukturyzacja gospodarki. Konwersja gospodarki.
080 -Uniwersalna Klasyfikacja Dziesiętna [ , ]
    • 2
    • Identyfikator wydania tablic
    • UDC-P058
    • 9
    • UKD
    • 2814
    • a
    • Symbol klasyfikacji
    • 316.422
    • b
    • Dopowiedzenie
    • Reforma. Transformacja. Innowacje. Modernizacja. Postęp. Postęp naukowo-techniczny.
080 -Uniwersalna Klasyfikacja Dziesiętna [ , ]
    • 2
    • Identyfikator wydania tablic
    • UDC-P058
    • 9
    • UKD
    • 3211
    • a
    • Symbol klasyfikacji
    • 338.12
    • b
    • Dopowiedzenie
    • Cykle gospodarcze. Koniunktura. Fluktuacje gospodarcze. Badania koniunktury. Ożywienie gospodarcze.
080 -Uniwersalna Klasyfikacja Dziesiętna [ , ]
    • 2
    • Identyfikator wydania tablic
    • UDC-P058
    • 9
    • UKD
    • 3212
    • a
    • Symbol klasyfikacji
    • 338.124
    • b
    • Dopowiedzenie
    • Spadek koniunktury. Recesja. Kryzys.
650 -Hasło przedmiotowe [ ,7]
    • a
    • Hasło przedmiotowe
    • Kapitalizm.
    • 2
    • Źródło terminu
    • kaba
    • 9
    • KHW
    • 113949
980 -Symbol UKD [ , ]
    • a
    • UKD
    • 330.342.14:338.24.021.8:316.422:338.12/.124
700 -Hasło dodatkowe - nazwa osobowa [1, ]
    • a
    • Nazwa osobowa (NP)
    • Śmietana, Rafał. Find
    • e
    • Określenie rodzaju współpracy
    • Tł.
    • 9
    • KHW
    • 47120
710 -Hasło dodatkowe - nazwa ciała zbiorowego [2, ]
    • a
    • Nazwa ciała zbiorowego lub nazwa geograficzna jako pierwszy element (NP)
    • Fundacja Gospodarki i Administracji Publicznej.
    • 4
    • Kod relacji
    • pbl
    • 9
    • KHW
    • 91734
920 -ISBN [ , ]
    • a
    • ISBN
    • 978-83-938313-5-7 Find
Data inwentaryzacji Lokalizacja Status udost. Numer inwentarzowy Sygnatura
2015-10-05T-2T.19013T.19013